<?xml version="1.0" encoding="UTF-8"?><marc:collection xmlns:marc="http://www.loc.gov/MARC21/slim">
  <marc:record>
    <marc:leader>00000nam  2200000za 4500</marc:leader>
    <marc:controlfield tag="001">9.833904</marc:controlfield>
    <marc:controlfield tag="003">CaOODSP</marc:controlfield>
    <marc:controlfield tag="005">20221107150322</marc:controlfield>
    <marc:controlfield tag="007">cr |||||||||||</marc:controlfield>
    <marc:controlfield tag="008">170317s1998    oncabo #o    f000 0dfre d</marc:controlfield>
    <marc:datafield tag="040" ind1=" " ind2=" ">
      <marc:subfield code="a">CaOODSP</marc:subfield>
      <marc:subfield code="b">fre</marc:subfield>
    </marc:datafield>
    <marc:datafield tag="043" ind1=" " ind2=" ">
      <marc:subfield code="a">n-cnp--</marc:subfield>
      <marc:subfield code="a">n-cn---</marc:subfield>
    </marc:datafield>
    <marc:datafield tag="045" ind1=" " ind2=" ">
      <marc:subfield code="a">w9x1</marc:subfield>
    </marc:datafield>
    <marc:datafield tag="086" ind1="1" ind2=" ">
      <marc:subfield code="a">RC31-93/1998F-PDF</marc:subfield>
    </marc:datafield>
    <marc:datafield tag="100" ind1="1" ind2=" ">
      <marc:subfield code="a">Martin-McGuire, Peggy.</marc:subfield>
    </marc:datafield>
    <marc:datafield tag="245" ind1="1" ind2="0">
      <marc:subfield code="a">Cessions de terres des Premières Nations dans les Prairies, 1896-1911 </marc:subfield>
      <marc:subfield code="h">[ressource électronique] / </marc:subfield>
      <marc:subfield code="c">Peggy Martin-McGuire ; rédigé pour la Commission des revendications des Indiens.</marc:subfield>
    </marc:datafield>
    <marc:datafield tag="260" ind1=" " ind2=" ">
      <marc:subfield code="a">Ottawa : </marc:subfield>
      <marc:subfield code="b">[La Commission], </marc:subfield>
      <marc:subfield code="c">1998. </marc:subfield>
    </marc:datafield>
    <marc:datafield tag="300" ind1=" " ind2=" ">
      <marc:subfield code="a">1 v. en 9 pties. (lv, 6 p. ;  p. 7-43 ;  p. 45-77 ; p. 79-186 ; p. 187-276 ; p. 279-369 ; p. 371-481 ; p. 483-575 ; p. 578-626) </marc:subfield>
      <marc:subfield code="b">ill., cartes, photographies</marc:subfield>
    </marc:datafield>
    <marc:datafield tag="500" ind1=" " ind2=" ">
      <marc:subfield code="a">« Septembre 1998 ».</marc:subfield>
    </marc:datafield>
    <marc:datafield tag="500" ind1=" " ind2=" ">
      <marc:subfield code="a">Publié aussi en anglais sous le titre : First Nation land surrenders on the Prairies, 1896-1911.</marc:subfield>
    </marc:datafield>
    <marc:datafield tag="504" ind1=" " ind2=" ">
      <marc:subfield code="a">Comprend des réf. bibliogr.</marc:subfield>
    </marc:datafield>
    <marc:datafield tag="505" ind1="0" ind2=" ">
      <marc:subfield code="a">[1 - Page du titre, Table des atières, Résumé, Introduction] -- [2] Chapitre 1, Préparer le terrain -- [3] Chapitre 2, Les compagnies de vente de terres et de colonisation -- [4] Chapitre 3, Chronologie --  [5] Chapitre 4, Demandes menant à des cessions -- [6] Chapitre 5, Consentement -- [7] Chapitre 6, Modalités et mise en oeuvre des cessions -- [8] Chapitre 7, Observations et conclusions ; Personnes citées ; Liste des sources -- [9] Annexes.</marc:subfield>
    </marc:datafield>
    <marc:datafield tag="520" ind1="0" ind2=" ">
      <marc:subfield code="a">« La Commission des revendications des Indiens examine actuellement plusieurs revendications fondées sur des allégations selon lesquelles des cessions historiques de terres réservées aux Premières Nations en vertu des traités des Prairies étaient illégales. L’intérêt que porte la Commission aux cessions obtenues de 1896 à 1911 et qui portent sur des terres visées par les traités des Prairies, s’explique en premier lieu par le nombre impressionnant et la superficie des cessions obtenues au cours de cette période courte mais honteuse de l’histoire canadienne. En effet, la Couronne a obtenu, de la fin des années 1890 jusqu’aux années 1930, plus de 100 cessions de terres mises de côté en vertu de traités. Pendant la seule période visée par l’étude, soit de 1896 à 1911, 21 % des terres réservées aux Premières Nations des Prairies furent cédées à la Couronne pour faire place à la colonisation de l’Ouest et à l’afflux d’immigrants. Ces terres avaient été promises sous le régime de traités signés à peine quelques décennies auparavant, dans les années 1870, et dans bien des cas, les terres avaient été mises de côté tout au plus quelques années avant d’être cédées »--Résumé, p. [xiii].</marc:subfield>
    </marc:datafield>
    <marc:datafield tag="692" ind1="0" ind2="7">
      <marc:subfield code="2">gccst</marc:subfield>
      <marc:subfield code="a">Autochtones</marc:subfield>
    </marc:datafield>
    <marc:datafield tag="692" ind1="0" ind2="7">
      <marc:subfield code="2">gccst</marc:subfield>
      <marc:subfield code="a">Terres autochtones</marc:subfield>
    </marc:datafield>
    <marc:datafield tag="692" ind1="0" ind2="7">
      <marc:subfield code="2">gccst</marc:subfield>
      <marc:subfield code="a">Revendication territoriale</marc:subfield>
    </marc:datafield>
    <marc:datafield tag="710" ind1="1" ind2=" ">
      <marc:subfield code="a">Canada.</marc:subfield>
      <marc:subfield code="b">Commission des revendications des Indiens.</marc:subfield>
    </marc:datafield>
    <marc:datafield tag="775" ind1="0" ind2="8">
      <marc:subfield code="t">First Nation land surrenders on the Prairies, 1896-1911 </marc:subfield>
      <marc:subfield code="w">(CaOODSP)9.833886</marc:subfield>
    </marc:datafield>
    <marc:datafield tag="856" ind1="4" ind2="0">
      <marc:subfield code="q">PDF</marc:subfield>
      <marc:subfield code="s">306 Ko</marc:subfield>
      <marc:subfield code="u">https://publications.gc.ca/collections/collection_2017/trp-sct/RC31-93-1998-1-fra.pdf</marc:subfield>
      <marc:subfield code="z">Page du titre, Table des atières, Résumé, Introduction (lv, 6 p.)</marc:subfield>
    </marc:datafield>
    <marc:datafield tag="856" ind1="4" ind2="0">
      <marc:subfield code="q">PDF</marc:subfield>
      <marc:subfield code="s">208 Ko</marc:subfield>
      <marc:subfield code="u">https://publications.gc.ca/collections/collection_2017/trp-sct/RC31-93-1998-2-fra.pdf</marc:subfield>
      <marc:subfield code="z">Chapitre 1 (p. 7-43)</marc:subfield>
    </marc:datafield>
    <marc:datafield tag="856" ind1="4" ind2="0">
      <marc:subfield code="q">PDF</marc:subfield>
      <marc:subfield code="s">202 Ko</marc:subfield>
      <marc:subfield code="u">https://publications.gc.ca/collections/collection_2017/trp-sct/RC31-93-1998-3-fra.pdf</marc:subfield>
      <marc:subfield code="z">Chapitre 2 (p. 45-77)</marc:subfield>
    </marc:datafield>
    <marc:datafield tag="856" ind1="4" ind2="0">
      <marc:subfield code="q">PDF</marc:subfield>
      <marc:subfield code="s">479 Ko</marc:subfield>
      <marc:subfield code="u">https://publications.gc.ca/collections/collection_2017/trp-sct/RC31-93-1998-4-fra.pdf</marc:subfield>
      <marc:subfield code="z">Chapitre 3 (p. 79-186)</marc:subfield>
    </marc:datafield>
    <marc:datafield tag="856" ind1="4" ind2="0">
      <marc:subfield code="q">PDF</marc:subfield>
      <marc:subfield code="s">359 Ko</marc:subfield>
      <marc:subfield code="u">https://publications.gc.ca/collections/collection_2017/trp-sct/RC31-93-1998-5-fra.pdf</marc:subfield>
      <marc:subfield code="z">Chapitre 4 (p. 187-276) </marc:subfield>
    </marc:datafield>
    <marc:datafield tag="856" ind1="4" ind2="0">
      <marc:subfield code="q">PDF</marc:subfield>
      <marc:subfield code="s">426 Ko</marc:subfield>
      <marc:subfield code="u">https://publications.gc.ca/collections/collection_2017/trp-sct/RC31-93-1998-6-fra.pdf</marc:subfield>
      <marc:subfield code="z">Chapitre 5 (p. 279-369)</marc:subfield>
    </marc:datafield>
    <marc:datafield tag="856" ind1="4" ind2="0">
      <marc:subfield code="q">PDF</marc:subfield>
      <marc:subfield code="s">521 Ko</marc:subfield>
      <marc:subfield code="u">https://publications.gc.ca/collections/collection_2017/trp-sct/RC31-93-1998-7-fra.pdf</marc:subfield>
      <marc:subfield code="z">Chapitre 6 (p. 371-481) </marc:subfield>
    </marc:datafield>
    <marc:datafield tag="856" ind1="4" ind2="0">
      <marc:subfield code="q">PDF</marc:subfield>
      <marc:subfield code="s">472 Ko</marc:subfield>
      <marc:subfield code="u">https://publications.gc.ca/collections/collection_2017/trp-sct/RC31-93-1998-8-fra.pdf</marc:subfield>
      <marc:subfield code="z">Chapitre 7 ; Personnes citées ; Liste des sources  (p. 483-575) </marc:subfield>
    </marc:datafield>
    <marc:datafield tag="856" ind1="4" ind2="0">
      <marc:subfield code="q">PDF</marc:subfield>
      <marc:subfield code="s">241 Ko</marc:subfield>
      <marc:subfield code="u">https://publications.gc.ca/collections/collection_2017/trp-sct/RC31-93-1998-9-fra.pdf</marc:subfield>
      <marc:subfield code="z">Annexes, (p. 578-626)</marc:subfield>
    </marc:datafield>
  </marc:record>
</marc:collection>
